000 00815cab a2200241 4500
001 ABS53789
008 090401t1995 xxu||||| |||| 00| 0 eng d
035 _a(Sirsi) u6606
041 _aeng
100 _aWard, C.
245 _aBilling and suing
260 _c1995
350 _a0
490 _aValuer (ISVA)
_v64(9) November 1995, 4(1)
520 _aWith the introduction of the Landlord and Tenant (Covenants) Act 1995, former tenants will no longer be liable for debts incurred by sucessors. Assesses the implications for lease negotiators and management agents.
650 _aASSIGNMENT
650 _aLANDLORD AND TENANT (COVENANTS) ACT 1995
650 _aLIABILITY
650 _aORIGINAL TENANT LIABILITY
690 _aLANDLORD AND TENANT-BUSINESS TENANCIES
942 _n0
948 _c04/03/1997
999 _c3946
_d3946